| 000 | 00926nam a22002297a 4500 | ||
|---|---|---|---|
| 003 | 0 | ||
| 005 | 20251008153518.0 | ||
| 008 | 251008b xxu||||| |||| 00| 0 eng d | ||
| 020 | _a978-1-9821-7146-9 | ||
| 050 |
_aBF 637.C45 _b.C37 2022 |
||
| 100 |
_aCarnegie, Dale, _eauthor. |
||
| 245 |
_aHow to win friends and influence people : _bupdated for the next generation of leaders / _cDale Carnegie. |
||
| 260 |
_aNew York : _bSimon & Schuster, _c2022. |
||
| 300 |
_a284 pages ; _c23 cm. |
||
| 500 | _aFirst published in 1936; this edition includes updated examples and modern leadership insights. | ||
| 520 | _aAn updated edition of Dale Carnegie’s timeless guide to interpersonal success, revised with examples and principles for leadership in the 21st century. | ||
| 650 | _aInterpersonal relations. | ||
| 650 | _aSuccess. | ||
| 650 | _aSelf-actualization (Psychology). | ||
| 650 | _aLeadership. | ||
| 942 |
_2lcc _cBK |
||
| 999 |
_c368185 _d368185 |
||